Eurovision Country Trivia - Statistics

General Stats
  • This quiz has been taken 14 times
  • The average score is 14 of 16
Answer Stats
Hint Answer % Correct
This country won the first Eurovision Song Contest in 1956. Switzerland
100%
This is the only country that has won Eurovision multiple times, but never hosted in their official capital city. Germany
92%
This is the only country to win Eurovision 3 times consecutively. Ireland
92%
This country's participation in 2026 caused 5 countries to boycott Eurovision Israel
92%
This is the only Baltic country that has never won Eurovision so far. Lithuania
92%
This is the only African country to ever compete in Eurovision Morocco
92%
This country once sent 6 elderly women from a small village to compete in Eurovision and almost won the contest. Russia
92%
This country is the only member of the "Big 5", which has boycotted Eurovision in 2026. Spain
92%
Other than the previous country, this is the only country to win Eurovision 7 times. Sweden
92%
This member state of the previous country was the host of that year's Eurovision. Croatia
85%
This country has not participated since 2019, because the country's former government considered Eurovision to be "too gay". Hungary
85%
This country is responsible for one of the most iconic Eurovision performances in history, the "Epic Sax Guy". Moldova
85%
This country was disqualified under controversial circumstances in 2024, and has boycotted Eurovision in 2026. Netherlands
85%
This country holds the record for the most points received in a Eurovision Grand Final. Portugal
85%
This is the only country that qualified for the Grand Final every time they entered the contest. (Not including countries that automatically qualify, like the Big 5 and the previous year's winner.) Ukraine
85%
This country hosted Eurovision exactly once, but a few years later the country ceased to exist. Yugoslavia
85%
No matching quizzes found
Score Distribution
Percent of People with Each Score
Percentile by Number Answered
Your Score History
You have not taken this quiz